000
00321nam a2200145Ia 4500
100
_a
Buffa/B.S/ Dyer/J.S
942
_c
BK
654
_a
management
245
_a
Essentials of Management Science
260
_b
John wiley
_a
NEWYORK
_c
1978
082
_a
658.4034
_b
BUF
300
_a
528
546
_a
ENGLISH
999
_c
21074
_d
21074